000 00299nam a22001337a 4500
082 _a823
_bJAI/H
100 _aJAIN, KULDEEP
245 _aHANSEL& GRETEL
246 _aHANSEL& GRETEL
_bHANSEL& GRETEL
260 _aNEW DELHI
_bPEGASUS
_c2025
300 _a16
650 _aENGLISH FICTION
942 _cBK
999 _c9154
_d9154